header

Unbecoming subjects (Record no. 211676)

MARC details
000 -LEADER
fixed length control field 01942nam a2200397 a 4500
082 04 - DEWEY DECIMAL CLASSIFICATION NUMBER
Classification number 170.92
100 1# - MAIN ENTRY--AUTHOR NAME
Personal name Thiem, Annika.
245 10 - TITLE STATEMENT
Title Unbecoming subjects
250 ## - EDITION STATEMENT
Edition statement 1st ed.
260 ## - PUBLICATION, DISTRIBUTION, ETC. (IMPRINT)
Place of publication New York :
Name of publisher Fordham University Press,
Year of publication 2008.
300 ## - PHYSICAL DESCRIPTION
Number of Pages x, 310 p.
505 0# - FORMATTED CONTENTS NOTE
Formatted contents note Introduction -- Part one : Challenges to the subject -- Subjects in subjection : bodies, desires, and the psychic life of norms -- Moral subjects and agents of morality -- Part two : Responsibility -- Responsibility as response : Levinas and responsibility for others -- Ambivalent desires of responsibility : Laplanche and psychoanalytic translations -- Part three : Critique -- The aporia of critique and the future of moral philosophy -- Critique and political ethics : justice as a question.
650 #0 - SUBJECT ADDED ENTRY--TOPICAL TERM
Topical Term Ethics.
Topical Term Responsibility.
Topical Term Criticism.
Topical Term Poststructuralism.
856 40 - ELECTRONIC LOCATION AND ACCESS
Uniform Resource Identifier http://site.ebrary.com/lib/rucke/Doc?id=10586779

No items available.

© 2026 Rongo University
Contact us: librarian | system librarian | Rongo university